<?xml version="1.0" encoding="UTF-8"?>
<record
    xmlns:xsi="http://www.w3.org/2001/XMLSchema-instance"
    xsi:schemaLocation="http://www.loc.gov/MARC21/slim http://www.loc.gov/standards/marcxml/schema/MARC21slim.xsd"
    xmlns="http://www.loc.gov/MARC21/slim">

  <leader>00692nam a22002177a 4500</leader>
  <controlfield tag="005">20140814112237.0</controlfield>
  <datafield tag="010" ind1=" " ind2=" ">
    <subfield code="a">B-496835-847     ENG-110416</subfield>
  </datafield>
  <datafield tag="020" ind1=" " ind2=" ">
    <subfield code="a">9789381753484</subfield>
    <subfield code="c">135.00</subfield>
  </datafield>
  <datafield tag="035" ind1=" " ind2=" ">
    <subfield code="a">B-496835-847</subfield>
  </datafield>
  <datafield tag="035" ind1=" " ind2=" ">
    <subfield code="a">EN-93948</subfield>
  </datafield>
  <datafield tag="037" ind1=" " ind2=" ">
    <subfield code="b">UBH/Ven</subfield>
  </datafield>
  <datafield tag="037" ind1=" " ind2=" ">
    <subfield code="b">DBAD/PUB</subfield>
  </datafield>
  <datafield tag="082" ind1=" " ind2=" ">
    <subfield code="a">N</subfield>
  </datafield>
  <datafield tag="100" ind1=" " ind2=" ">
    <subfield code="a">Stovall, Jim</subfield>
  </datafield>
  <datafield tag="245" ind1=" " ind2=" ">
    <subfield code="a">The ultimate gift :</subfield>
    <subfield code="b">a novel /</subfield>
    <subfield code="c">by Jim Stovall</subfield>
  </datafield>
  <datafield tag="260" ind1=" " ind2=" ">
    <subfield code="a">New Delhi</subfield>
    <subfield code="b">Maanu Graphics</subfield>
    <subfield code="c">(201?)</subfield>
  </datafield>
  <datafield tag="270" ind1=" " ind2=" ">
    <subfield code="a">5FF, Ganpati Bhawan, 21 Ansari Road, Darya Ganj, </subfield>
    <subfield code="b">New Delhi</subfield>
    <subfield code="e">110002</subfield>
  </datafield>
  <datafield tag="300" ind1=" " ind2=" ">
    <subfield code="a">158p. :</subfield>
    <subfield code="b">ill.</subfield>
    <subfield code="c">22cm(pbk)</subfield>
  </datafield>
  <datafield tag="942" ind1=" " ind2=" ">
    <subfield code="2">ddc</subfield>
    <subfield code="c">EN</subfield>
    <subfield code="m">STO</subfield>
    <subfield code="h">N</subfield>
  </datafield>
  <datafield tag="999" ind1=" " ind2=" ">
    <subfield code="c">74166</subfield>
    <subfield code="d">74166</subfield>
  </datafield>
  <datafield tag="952" ind1=" " ind2=" ">
    <subfield code="0">0</subfield>
    <subfield code="1">0</subfield>
    <subfield code="4">0</subfield>
    <subfield code="7">0</subfield>
    <subfield code="8">FIC</subfield>
    <subfield code="a">L</subfield>
    <subfield code="b">L</subfield>
    <subfield code="d">2013-04-30</subfield>
    <subfield code="e">UBH/276/11.03.2013/180/08.03.2013/15.03.2013</subfield>
    <subfield code="g">135.00</subfield>
    <subfield code="l">6</subfield>
    <subfield code="m">3</subfield>
    <subfield code="o">N STO</subfield>
    <subfield code="p">B-496835</subfield>
    <subfield code="r">2022-05-27 00:00:00</subfield>
    <subfield code="s">2022-05-02</subfield>
    <subfield code="t">1</subfield>
    <subfield code="v">135.00</subfield>
    <subfield code="w">2013-04-30</subfield>
    <subfield code="y">EN</subfield>
  </datafield>
  <datafield tag="952" ind1=" " ind2=" ">
    <subfield code="0">0</subfield>
    <subfield code="1">0</subfield>
    <subfield code="4">0</subfield>
    <subfield code="7">0</subfield>
    <subfield code="8">FIC</subfield>
    <subfield code="a">BL1</subfield>
    <subfield code="b">BL1</subfield>
    <subfield code="d">2013-04-30</subfield>
    <subfield code="e">UBH/276/11.03.2013/180/08.03.2013/15.03.2013</subfield>
    <subfield code="g">135.00</subfield>
    <subfield code="l">5</subfield>
    <subfield code="m">2</subfield>
    <subfield code="o">N STO</subfield>
    <subfield code="p">B-496836</subfield>
    <subfield code="r">2025-11-22 00:00:00</subfield>
    <subfield code="s">2025-10-23</subfield>
    <subfield code="t">1</subfield>
    <subfield code="v">135.00</subfield>
    <subfield code="y">EN</subfield>
  </datafield>
  <datafield tag="952" ind1=" " ind2=" ">
    <subfield code="0">0</subfield>
    <subfield code="1">0</subfield>
    <subfield code="4">0</subfield>
    <subfield code="7">0</subfield>
    <subfield code="8">FIC</subfield>
    <subfield code="a">KGM</subfield>
    <subfield code="b">KGM</subfield>
    <subfield code="d">2013-04-30</subfield>
    <subfield code="e">UBH/276/11.03.2013/180/08.03.2013/15.03.2013</subfield>
    <subfield code="g">135.00</subfield>
    <subfield code="l">0</subfield>
    <subfield code="o">N STO</subfield>
    <subfield code="p">B-496837</subfield>
    <subfield code="r">2013-04-30 00:00:00</subfield>
    <subfield code="t">1</subfield>
    <subfield code="v">135.00</subfield>
    <subfield code="y">EN</subfield>
  </datafield>
  <datafield tag="952" ind1=" " ind2=" ">
    <subfield code="0">0</subfield>
    <subfield code="1">0</subfield>
    <subfield code="4">0</subfield>
    <subfield code="7">0</subfield>
    <subfield code="8">FIC</subfield>
    <subfield code="a">PR</subfield>
    <subfield code="b">PR</subfield>
    <subfield code="d">2013-04-30</subfield>
    <subfield code="e">UBH/276/11.03.2013/180/08.03.2013/15.03.2013</subfield>
    <subfield code="g">135.00</subfield>
    <subfield code="l">1</subfield>
    <subfield code="o">N STO</subfield>
    <subfield code="p">B-496838</subfield>
    <subfield code="r">2019-09-12 00:00:00</subfield>
    <subfield code="s">2019-08-16</subfield>
    <subfield code="t">1</subfield>
    <subfield code="v">135.00</subfield>
    <subfield code="y">EN</subfield>
  </datafield>
  <datafield tag="952" ind1=" " ind2=" ">
    <subfield code="0">0</subfield>
    <subfield code="1">0</subfield>
    <subfield code="4">0</subfield>
    <subfield code="7">0</subfield>
    <subfield code="8">FIC</subfield>
    <subfield code="a">TN</subfield>
    <subfield code="b">TN</subfield>
    <subfield code="d">2013-04-30</subfield>
    <subfield code="e">UBH/276/11.03.2013/180/08.03.2013/15.03.2013</subfield>
    <subfield code="g">135.00</subfield>
    <subfield code="l">0</subfield>
    <subfield code="o">N STO</subfield>
    <subfield code="p">B-496839</subfield>
    <subfield code="r">2013-04-30 00:00:00</subfield>
    <subfield code="t">1</subfield>
    <subfield code="v">135.00</subfield>
    <subfield code="y">EN</subfield>
  </datafield>
  <datafield tag="952" ind1=" " ind2=" ">
    <subfield code="0">0</subfield>
    <subfield code="1">0</subfield>
    <subfield code="4">0</subfield>
    <subfield code="7">0</subfield>
    <subfield code="8">FIC</subfield>
    <subfield code="a">CJ</subfield>
    <subfield code="b">CJ</subfield>
    <subfield code="d">2013-04-30</subfield>
    <subfield code="e">UBH/276/11.03.2013/180/08.03.2013/15.03.2013</subfield>
    <subfield code="g">135.00</subfield>
    <subfield code="l">5</subfield>
    <subfield code="m">1</subfield>
    <subfield code="o">N STO</subfield>
    <subfield code="p">B-496840</subfield>
    <subfield code="r">2025-04-02 00:00:00</subfield>
    <subfield code="s">2025-03-24</subfield>
    <subfield code="t">1</subfield>
    <subfield code="v">135.00</subfield>
    <subfield code="y">EN</subfield>
  </datafield>
  <datafield tag="952" ind1=" " ind2=" ">
    <subfield code="0">0</subfield>
    <subfield code="1">0</subfield>
    <subfield code="4">0</subfield>
    <subfield code="7">0</subfield>
    <subfield code="8">FIC</subfield>
    <subfield code="a">JP</subfield>
    <subfield code="b">JP</subfield>
    <subfield code="d">2013-04-30</subfield>
    <subfield code="e">UBH/276/11.03.2013/180/08.03.2013/15.03.2013</subfield>
    <subfield code="g">135.00</subfield>
    <subfield code="l">25</subfield>
    <subfield code="m">2</subfield>
    <subfield code="o">N STO</subfield>
    <subfield code="p">B-496841</subfield>
    <subfield code="r">2025-04-29 00:00:00</subfield>
    <subfield code="s">2025-04-15</subfield>
    <subfield code="t">1</subfield>
    <subfield code="v">135.00</subfield>
    <subfield code="y">EN</subfield>
  </datafield>
  <datafield tag="952" ind1=" " ind2=" ">
    <subfield code="0">0</subfield>
    <subfield code="1">0</subfield>
    <subfield code="4">0</subfield>
    <subfield code="7">0</subfield>
    <subfield code="8">FIC</subfield>
    <subfield code="a">ZLS</subfield>
    <subfield code="b">ZLS</subfield>
    <subfield code="d">2013-04-30</subfield>
    <subfield code="e">UBH/276/11.03.2013/180/08.03.2013/15.03.2013</subfield>
    <subfield code="g">135.00</subfield>
    <subfield code="l">8</subfield>
    <subfield code="m">5</subfield>
    <subfield code="o">N STO</subfield>
    <subfield code="p">B-496842</subfield>
    <subfield code="r">2020-02-04 00:00:00</subfield>
    <subfield code="s">2020-01-05</subfield>
    <subfield code="t">1</subfield>
    <subfield code="v">135.00</subfield>
    <subfield code="y">EN</subfield>
  </datafield>
  <datafield tag="952" ind1=" " ind2=" ">
    <subfield code="0">0</subfield>
    <subfield code="1">0</subfield>
    <subfield code="4">0</subfield>
    <subfield code="7">0</subfield>
    <subfield code="8">FIC</subfield>
    <subfield code="a">SP</subfield>
    <subfield code="b">SP</subfield>
    <subfield code="d">2013-04-30</subfield>
    <subfield code="e">UBH/276/11.03.2013/180/08.03.2013/15.03.2013</subfield>
    <subfield code="g">135.00</subfield>
    <subfield code="l">0</subfield>
    <subfield code="o">N STO</subfield>
    <subfield code="p">B-496843</subfield>
    <subfield code="r">2013-04-30 00:00:00</subfield>
    <subfield code="t">1</subfield>
    <subfield code="v">135.00</subfield>
    <subfield code="y">EN</subfield>
  </datafield>
  <datafield tag="952" ind1=" " ind2=" ">
    <subfield code="0">0</subfield>
    <subfield code="1">0</subfield>
    <subfield code="4">0</subfield>
    <subfield code="7">0</subfield>
    <subfield code="8">FIC</subfield>
    <subfield code="a">VP</subfield>
    <subfield code="b">VP</subfield>
    <subfield code="d">2013-04-30</subfield>
    <subfield code="e">UBH/276/11.03.2013/180/08.03.2013/15.03.2013</subfield>
    <subfield code="g">135.00</subfield>
    <subfield code="l">9</subfield>
    <subfield code="m">1</subfield>
    <subfield code="o">N STO</subfield>
    <subfield code="p">B-496844</subfield>
    <subfield code="r">2023-05-03 00:00:00</subfield>
    <subfield code="s">2023-03-25</subfield>
    <subfield code="t">1</subfield>
    <subfield code="v">135.00</subfield>
    <subfield code="y">EN</subfield>
  </datafield>
  <datafield tag="952" ind1=" " ind2=" ">
    <subfield code="0">0</subfield>
    <subfield code="1">0</subfield>
    <subfield code="4">0</subfield>
    <subfield code="7">0</subfield>
    <subfield code="8">FIC</subfield>
    <subfield code="a">BN</subfield>
    <subfield code="b">BN</subfield>
    <subfield code="d">2013-04-30</subfield>
    <subfield code="e">UBH/276/11.03.2013/180/08.03.2013/15.03.2013</subfield>
    <subfield code="g">135.00</subfield>
    <subfield code="l">4</subfield>
    <subfield code="m">2</subfield>
    <subfield code="o">N STO</subfield>
    <subfield code="p">B-496845</subfield>
    <subfield code="r">2025-12-02 00:00:00</subfield>
    <subfield code="s">2025-11-27</subfield>
    <subfield code="t">1</subfield>
    <subfield code="v">135.00</subfield>
    <subfield code="y">EN</subfield>
  </datafield>
  <datafield tag="952" ind1=" " ind2=" ">
    <subfield code="0">0</subfield>
    <subfield code="1">0</subfield>
    <subfield code="4">0</subfield>
    <subfield code="7">0</subfield>
    <subfield code="8">FIC</subfield>
    <subfield code="a">NR</subfield>
    <subfield code="b">NR</subfield>
    <subfield code="d">2013-04-30</subfield>
    <subfield code="e">UBH/276/11.03.2013/180/08.03.2013/15.03.2013</subfield>
    <subfield code="g">135.00</subfield>
    <subfield code="l">0</subfield>
    <subfield code="o">N STO</subfield>
    <subfield code="p">B-496846</subfield>
    <subfield code="r">2013-04-30 00:00:00</subfield>
    <subfield code="t">1</subfield>
    <subfield code="v">135.00</subfield>
    <subfield code="y">EN</subfield>
  </datafield>
  <datafield tag="952" ind1=" " ind2=" ">
    <subfield code="0">0</subfield>
    <subfield code="1">0</subfield>
    <subfield code="4">0</subfield>
    <subfield code="7">0</subfield>
    <subfield code="8">FIC</subfield>
    <subfield code="a">BL4</subfield>
    <subfield code="b">BL4</subfield>
    <subfield code="d">2013-04-30</subfield>
    <subfield code="e">UBH/276/11.03.2013/180/08.03.2013/15.03.2013</subfield>
    <subfield code="g">135.00</subfield>
    <subfield code="l">10</subfield>
    <subfield code="m">5</subfield>
    <subfield code="o">N STO</subfield>
    <subfield code="p">B-496847</subfield>
    <subfield code="r">2023-04-27 00:00:00</subfield>
    <subfield code="s">2023-04-24</subfield>
    <subfield code="t">1</subfield>
    <subfield code="v">135.00</subfield>
    <subfield code="y">EN</subfield>
  </datafield>
  <datafield tag="952" ind1=" " ind2=" ">
    <subfield code="0">0</subfield>
    <subfield code="1">0</subfield>
    <subfield code="4">0</subfield>
    <subfield code="7">1</subfield>
    <subfield code="8">NFIC</subfield>
    <subfield code="a">DBAD</subfield>
    <subfield code="b">DBAD</subfield>
    <subfield code="d">2014-07-07</subfield>
    <subfield code="e">DBAD/PUB</subfield>
    <subfield code="g">135.00</subfield>
    <subfield code="l">0</subfield>
    <subfield code="o">N STO</subfield>
    <subfield code="p">EN-93948</subfield>
    <subfield code="r">2014-07-07 00:00:00</subfield>
    <subfield code="t">1</subfield>
    <subfield code="v">135.00</subfield>
    <subfield code="w">2014-07-07</subfield>
    <subfield code="y">EN</subfield>
  </datafield>
</record>
